000 00649nam a2200181Ia 4500
008 220216s9999 xx 000 0 und d
100 _aGeorge K T
245 0 _aTapping panel dryness conundrum: Two methodological issues in estimating the economic loss
260 _bIn: Tapping Panel Dryness of Rubber Trees (Eds.James Jacob; R Krishnakumar and N.M. Mathew) Rubber Research Institute of India, Kottayam, 2006, pp.195-198.
650 _aEconomic loss
650 _aLife cycle yield profile
650 _aMethodological issues
650 _aTPD
650 _aYielding phases
700 _aChandy B
700 _aSreelakshmi K
942 _cJS
999 _c70244
_d70244